Colombian players in European Big Five (2000-) - Statistics

General Stats
  • This quiz has been taken 43 times
  • The average score is 30 of 114
Answer Stats
Ranking Player Positions Nationality Matches Goals (assists) Periods Clubs % Correct
14 James Rodríguez MF, FW 191 58 (59) 2013-2020, 2024-2025
95%
1 Juan Cuadrado DF, MF, FW 408 43 (60) 2009-2025
95%
8 David Ospina GK 299 0 (1) 2008-2022
88%
9 Radamel Falcao FW 283 131 (19) 2011-2018, 2021-2024
88%
33 Luis Díaz MF, FW 103 29 (15) 2021-2025
83%
5 Carlos Sánchez DF, MF 323 13 (7) 2007-2020
80%
25 Davinson Sánchez DF 143 3 (1) 2017-2024
80%
103 Joao Rodríguez MF, FW 5 0 (0) 2014-2015
78%
26 Yerry Mina DF 140 10 (2) 2017-2025
78%
10 Carlos Bacca FW 269 93 (25) 2013-2022
75%
3 Cristián Zapata DF 339 9 (3) 2005-2021
75%
4 Duván Zapata FW 326 124 (43) 2013-2025
75%
110 Alexis Zapata MF 1 0 (0) 2014-2015
73%
2 Luis Muriel MF, FW 363 111 (46) 2011-2024
73%
7 Iván Córdoba DF 303 15 (9) 2000-2012
70%
86 Óscar Córdoba GK 15 0 (0) 2001-2002
70%
19 Jhon Córdoba FW 173 38 (10) 2013-2017, 2019-2021
68%
58 Gonzalo Martínez DF 38 0 (4) 2001-2004
55%
83 Jackson Martínez FW 15 2 (3) 2015-2016
55%
94 Roger Martínez FW 8 1 (0) 2017-2018
55%
16 Juan Zúñiga DF, MF 183 5 (12) 2008-2017
53%
45 Santiago Arias DF, MF 52 2 (2) 2018-2022
53%
41 Jáder Durán MF, FW 55 12 (0) 2022-2025
50%
13 Jefferson Lerma DF, MF 220 10 (7) 2015-2016, 2017-2019, 2022-2025
50%
11 Jeison Murillo DF 230 6 (3) 2013-2023
50%
6 Mario Yepes DF 313 13 (7) 2001-2014
50%
21 Adrián Ramos FW 164 49 (18) 2009-2010, 2011-2012, 2013-2016, 2019-2020
45%
43 Daniel Muñoz DF, MF 53 4 (9) 2023-2025
45%
24 Fredy Guarín MF 150 16 (20) 2006-2007, 2011-2016
43%
112 Jésus Sinisterra DF, MF 1 0 (0) 2002-2003
38%
47 Luis Sinisterra MF, FW 51 8 (3) 2022-2025
38%
30 Pablo Armero DF, MF 118 3 (19) 2010-2017
38%
28 Víctor Ibarbo MF, FW 134 15 (9) 2011-2017
35%
53 Aquivaldo Mosquera DF 41 0 (0) 2007-2009
33%
65 Daniel Mosquera FW 35 5 (1) 2024-2025
33%
105 John Mosquera FW 3 1 (0) 2007-2008
33%
97 Jonny Mosquera MF 7 0 (0) 2013-2014
33%
70 Juan Quintero MF, FW 29 2 (2) 2012-2013, 2015-2016
33%
78 Yerson Mosquera DF 21 2 (1) 2023-2025
33%
23 Hugo Rodallega FW 154 29 (12) 2008-2014
30%
32 Faryd Mondragón GK 105 0 (0) 2000-2001, 2008-2011
28%
73 Yaser Asprilla MF, FW 27 3 (1) 2024-2025
28%
79 Carlos Gómez DF, MF 17 3 (0) 2024-2025
25%
107 Jeison Lucumí MF 2 0 (0) 2020-2021
25%
37 Jhon Lucumí DF 94 0 (2) 2022-2025
25%
18 Juan Pablo Ángel FW 175 44 (14) 2000-2007
25%
31 Luis Javier Suárez MF, FW 107 26 (10) 2020-2024
25%
82 Marco Pérez MF, FW 16 1 (0) 2010-2011
25%
61 Brayan Perea FW 36 1 (1) 2013-2016
23%
57 Edixon Perea FW 38 3 (0) 2005-2007
23%
92 Gilberto García DF, MF 8 1 (0) 2013-2014
23%
15 Johan Mojica DF 190 3 (14) 2013-2014, 2017-2018, 2020-2025
23%
81 Juan Perea FW 16 1 (0) 2022-2023
23%
12 Luis Amaranto Perea DF 224 1 (0) 2004-2012
23%
109 Óscar Perea DF, MF 2 0 (0) 2024-2025
23%
49 José Izquierdo MF, FW 48 5 (4) 2017-2018, 2020-2021
20%
55 Juan David Cabal DF 40 0 (0) 2022-2025
20%
29 Cucho MF, FW 119 21 (10) 2018-2021, 2024-2025
18%
67 Devis Vásquez GK 32 0 (0) 2024-2025
18%
114 Juan Manuel Valencia FW 1 0 (0) 2018-2019
18%
100 Oscar Estupiñan MF, FW 6 0 (0) 2023-2024
15%
27 Abel Aguilar MF 139 8 (6) 2005-2006, 2009-2010, 2012-2015
13%
22 Elkin Soto MF 160 11 (8) 2006-2007, 2009-2016
13%
89 Fernando Uribe FW 12 2 (0) 2010-2012
13%
54 Daniel Torres MF 41 0 (0) 2016-2019
10%
63 Hámilton Ricard FW 36 4 (3) 2000-2002
10%
40 Helibelton Palacios DF 61 0 (0) 2020-2023
10%
35 Kevin Agudelo MF, FW 99 5 (5) 2019-2023
10%
77 Marlos Moreno DF, MF, FW 23 0 (0) 2016-2017, 2022-2023
10%
36 Rafael Borré MF, FW 99 16 (7) 2016-2017, 2021-2024
10%
51 Steven Alzate DF, MF 43 1 (0) 2019-2022
10%
59 Tressor Moreno MF, FW 38 2 (6) 2000-2001, 2003-2004
10%
99 Éder Álvarez Balanta MF, FW 6 0 (0) 2022-2023
8%
87 Felipe Pardo MF, FW 13 1 (1) 2016-2017
8%
96 Gustavo Puerta DF, MF 7 0 (0) 2023-2024
8%
38 Jorge Bolaño MF 92 0 (2) 2000-2001, 2003-2007
8%
84 José de la Cuesta DF 15 0 (0) 2005-2006
8%
48 Brayan Angulo DF, MF 49 1 (2) 2012-2014
5%
34 Deiver Machado DF, MF 101 9 (8) 2021-2025
5%
69 Fabián Vargas MF 30 1 (0) 2009-2011
5%
98 Michael Ortega MF 7 0 (0) 2011-2012
5%
93 Miguel Borja FW 8 0 (0) 2013-2014
5%
71 Wason Rentería FW 28 9 (0) 2007-2008
5%
101 Andrés Escobar MF, FW 5 0 (0) 2013-2014
3%
64 Andrés Tello DF, MF, FW 35 1 (0) 2016-2017, 2020-2021
3%
20 Bernardo Espinosa DF 166 8 (5) 2010-2011, 2015-2019, 2022-2024
3%
91 Brayan Vera DF, FW 8 0 (1) 2019-2020
3%
95 Damir Ceter FW 7 0 (0) 2017-2018, 2021-2022
3%
56 Edwin Congo FW 39 3 (2) 2000-2001, 2004-2005, 2007-2008
3%
66 Fredy Hinestroza DF, MF 34 2 (3) 2014-2015
3%
80 Humberto Osorio FW 16 4 (0) 2013-2014
3%
76 Jhon Viáfara MF 25 1 (0) 2005-2006
3%
50 John Harold Lozano MF 47 2 (1) 2000-2003
3%
72 Johnnier Montaño MF 27 1 (1) 2000-2003
3%
113 Jorge Horacio Serna FW 1 0 (0) 2002-2003
3%
39 Juan Pablo Pino MF, FW 65 6 (5) 2006-2009, 2014-2015
3%
85 Léider Preciado FW 15 3 (1) 2000-2001
3%
88 Mauricio Cuero MF, FW 13 0 (1) 2015-2016
3%
68 Nelson Rivas DF 32 2 (0) 2007-2010
3%
104 Oscar Cortés MF, FW 4 1 (1) 2023-2024
3%
44 Stiven Mendoza MF, FW 53 9 (2) 2017-2020
3%
42 Víctor Bonilla FW 54 17 (7) 2000-2003
3%
17 Víctor Montaño FW 176 34 (13) 2004-2005, 2009-2015
3%
74 Alexander Viveros DF, MF 26 0 (0) 2004-2005
0%
111 Andrés Solano DF 1 0 (0) 2018-2019
0%
62 Carlos Carbonero MF 36 3 (5) 2014-2016
0%
106 Daniel Luna MF 2 0 (0) 2024-2025
0%
52 Dorlan Pabón MF, FW 42 11 (4) 2012-2014
0%
75 Jhon Culma MF 26 0 (0) 2011-2013
0%
60 Jhon Solis MF 37 1 (0) 2023-2025
0%
102 Jhon Steven DF, MF 5 2 (0) 2016-2017
0%
46 Juan Ferney Otero MF, FW 51 3 (4) 2018-2020
0%
90 Juanjo Narváez MF, FW 12 0 (0) 2017-2018, 2022-2023
0%
108 Luis Yanes FW 2 0 (0) 2007-2008
0%
No matching quizzes found
Score Distribution
Percent of People with Each Score
Percentile by Number Answered
Your Score History
You have not taken this quiz